Science Vocabulary Readers: (Record no. 983)

MARC details
000 -LEADER
fixed length control field 00881nam a22002657a 4500
005 - DATE AND TIME OF LATEST TRANSACTION
control field 20230717113303.0
020 ## - INTERNATIONAL STANDARD BOOK NUMBER
International Standard Book Number 9780545007153
040 ## - CATALOGING SOURCE
Original cataloging agency FISKH
Language of cataloging eng
Transcribing agency FISKH
Modifying agency FISKH
050 ## - LIBRARY OF CONGRESS CALL NUMBER
Classification number 597
082 ## - DEWEY DECIMAL CLASSIFICATION NUMBER
Classification number B344
100 ## - MAIN ENTRY--PERSONAL NAME
Personal name Bauer, Jeff
245 ## - TITLE STATEMENT
Title Science Vocabulary Readers:
Remainder of title Underground Homes /
Statement of responsibility, etc. Author : Jeff Bauer
250 ## - EDITION STATEMENT
Edition statement First Printing, September 2007.
260 ## - PUBLICATION, DISTRIBUTION, ETC.
Place of publication, distribution, etc. New York :
Name of publisher, distributor, etc. Scholastic,
Date of publication, distribution, etc. 2007.
300 ## - PHYSICAL DESCRIPTION
Extent 16 pages :
Other physical details Color illustrations,
Dimensions 23 cm.
505 ## - FORMATTED CONTENTS NOTE
Formatted contents note M <br/>
520 ## - SUMMARY, ETC.
Summary, etc. Millions of animals make their homes underground. Open this book to meet some of them!.
521 ## - TARGET AUDIENCE NOTE
Target audience note 540 <br/>
Source Lexile <br/>
521 ## - TARGET AUDIENCE NOTE
Target audience note M <br/>
Source Raz-Plus <br/>
650 ## - SUBJECT ADDED ENTRY--TOPICAL TERM
Topical term or geographic name entry element animal homes
Form subdivision habitats
General subdivision underground
Chronological subdivision science
650 ## - SUBJECT ADDED ENTRY--TOPICAL TERM
Topical term or geographic name entry element animal homes
Form subdivision habitats
General subdivision underground
Chronological subdivision science
942 ## - ADDED ENTRY ELEMENTS (KOHA)
Source of classification or shelving scheme Dewey Decimal Classification
Koha item type Books
Suppress in OPAC No
999 ## -
-- 983
-- 983
Holdings
Withdrawn status Lost status Source of classification or shelving scheme Damaged status Not for loan Collection Home library Current library Shelving location Date acquired Total Checkouts Full call number Barcode Date last seen Date last checked out Price effective from Koha item type
    Dewey Decimal Classification     Non-Fiction Footprints International School Library Network Toul Kork Campus Footprints International School Library Network Toul Kork Campus TK Primary Library Room(4th Floor), Bookcase 3&4, Shelves 17-32, Yellow Books 07/17/2023 3 BAU 597 B344 FISBK05602 12/19/2025 08/29/2025 07/17/2023 Books